Namāz ke asrār o ramūz / (Record no. 614376)

000 -LEADER
fixed length control field 01361nam a2200217 4500
040 ## - CATALOGING SOURCE
Transcribing agency NSHS
082 ## - DEWEY DECIMAL CLASSIFICATION NUMBER
Classification number 297.52
Author Mark NAQ
100 1# - MAIN ENTRY--PERSONAL NAME
Personal name Naqshbandī, Zulfiqār Aḥmad
9 (RLIN) 130070
245 ## - TITLE STATEMENT
Title Namāz ke asrār o ramūz /
Statement of responsibility, etc. muʾallif maḥbūb-i ʿulamāʾ o aṣlāḥāʾ Haẓrat Maulānā Pīr Z̲ūlfiqār Aḥmad Naqshbandī.
246 ## - VARYING FORM OF TITLE
Title proper/short title Namaz ke asrar o ramuz
246 ## - VARYING FORM OF TITLE
Title proper/short title Nimaz ke asrar ramoz
260 ## - PUBLICATION, DISTRIBUTION, ETC.
Place of publication, distribution, etc. Faiṣalābād :
Name of publisher, distributor, etc. Maktabat al-Faqīr,
Date of publication, distribution, etc. 2013.
300 ## - PHYSICAL DESCRIPTION
Extent 295 pages.
500 ## - GENERAL NOTE
General note DC010725
500 ## - GENERAL NOTE
General note Religion
520 ## - SUMMARY, ETC.
Summary, etc. "Namaz ke Asraar-o-Ramooz" ek roohani aur fikri kitaab hai jo Islamic prayer (namaz) ke andar chhupe hue asraar (raaz) aur ramooz (ma'navi haqa’iq) ko bayaan karti hai. Is kitaab mein namaz ko sirf ek zahiri ibadat nahi, balki ek aisi roohani journey ke tor par pesh kiya gaya hai jo banda ko Allah se qurbat aur ma‘rifat ki manzilon tak le jati hai. Muallif ne is mein Qurani ayaat, ahadees, aur sufiyana afkaar ke zariye ye samjhane ki koshish ki hai ke namaz insaan ke andar tazkiyah, khushu‘, aur ikhlaas paida karti hai. Yeh kitaab un logon ke liye mufeed hai jo namaz ko samajh kar, mehsoos kar ke aur roohani taur par ada karna chahte hain.
546 ## - LANGUAGE NOTE
Language note in Urdu
650 #0 - SUBJECT ADDED ENTRY--TOPICAL TERM
Topical term or geographic name entry element Salat (Prayer five times daily)
General subdivision Islam
9 (RLIN) 130071
942 ## - ADDED ENTRY ELEMENTS (KOHA)
Source of classification or shelving scheme
Koha item type Book
Holdings
Withdrawn status Lost status Source of classification or shelving scheme Damaged status Not for loan Permanent Location Current Location Date acquired Full call number Barcode Date last seen Price effective from Koha item type
          NUST School of Health Sciences (NSHS) NUST School of Health Sciences (NSHS) 07/16/2025 297.52 NAQ NSHS-2008 07/16/2025 07/16/2025 Book
© 2023 Central Library, National University of Sciences and Technology. All Rights Reserved.